Cenicienta va a la morgue (Record no. 145283)

MARC details
000 -LEADER
campo de control de longitud fija 00674nam a2200217 4500
001 - NÚMERO DE CONTROL
campo de control 145283
003 - IDENTIFICADOR DE NÚMERO DE CONTROL
campo de control ES-MaACL
005 - FECHA Y HORA DE LA ÚLTIMA TRANSACCIÓN
campo de control 20230906201212.0
007 - CAMPO FIJO DE DESCRIPCIÓN FÍSICA--INFORMACIÓN GENERAL
campo de control de longitud fija t|
008 - DATOS DE LONGITUD FIJA--INFORMACIÓN GENERAL
campo de control de longitud fija 070214s1952 sp r ||||1| spa d
100 1# - ENTRADA PRINCIPAL--NOMBRE DE PERSONA
Nombre de persona Spain, Nancy.
9 (RLIN) 107626
245 10 - MENCIÓN DEL TÍTULO
Título Cenicienta va a la morgue
Resto del título : novela /
Mención de responsabilidad, etc. Nancy Spain ; traducción de J. Sarsanedas.
250 ## - MENCION DE EDICION
Mención de edición 1ª. ed.
260 ## - PUBLICACIÓN, DISTRIBUCIÓN, ETC.
Lugar de publicación, distribución, etc. Barcelona :
Nombre del editor, distribuidor, etc. Aymá,
Fecha de publicación, distribución, etc. 1952.
300 ## - DESCRIPCIÓN FÍSICA
Extensión 331 p. :
Otras características físicas il. ;
Dimensiones 19 cm.
490 1# - MENCIÓN DE SERIE
Mención de serie Melilla. Col. de novela actual ;
Designación de volumen o secuencia 2
700 1# - ENTRADA AGREGADA--NOMBRE PERSONAL
Nombre de persona Sarsanedas, Jordi.
9 (RLIN) 103877
830 0# - PUNTO DE ACCESO ADICIONAL DE SERIE-TÍTULO UNIFORME
Título uniforme Melilla. Col. de novela actual ;
Designación de volumen o secuencia 2
9 (RLIN) 220750
852 ## - LOCALIZACIÓN
Ubicación ES-MaACL
Número de control de estantería D-8179
Sublocalización o colección R.32780
Holdings
Estatus retirado Estado de pérdida Estado de daño No para préstamo Biblioteca de origen Biblioteca actual Ubicación en estantería Fecha de adquisición Fuente de adquisición Total de préstamos Signatura topográfica completa Código de barras Visto por última vez Precio de reemplazo Tipo de ítem Koha
        Biblioteca del Ateneo de Madrid Biblioteca del Ateneo de Madrid Sala Valle Inclán 17/01/2008     D-8179 901151654 23/02/2023 23/02/2023 Libro impreso